Escalofrios, (Record no. 20852)

MARC details
000 -LEADER
fixed length control field 02021nam a2200469 a 4500
001 - CONTROL NUMBER
control field z9mscp b2530682
003 - CONTROL NUMBER IDENTIFIER
control field KyLxBWI
005 - DATE AND TIME OF LATEST TRANSACTION
control field 20180604212756.0
008 - FIXED-LENGTH DATA ELEMENTS--GENERAL INFORMATION
fixed length control field 040825t20032003nyu c 000 1 spa d
020 ## - INTERNATIONAL STANDARD BOOK NUMBER
International Standard Book Number 0439670519
Qualifying information paperback
024 ## - OTHER STANDARD IDENTIFIER
Standard number or code 078073004997
040 ## - CATALOGING SOURCE
Original cataloging agency KyLxBWI
Language of cataloging eng
Transcribing agency KyLxBWI
Modifying agency KyLxBWI
041 1# - LANGUAGE CODE
Language code of text/sound track or separate title spa
Language code of original eng
082 04 - DEWEY DECIMAL CLASSIFICATION NUMBER
Classification number [Fic]
Edition number 22
099 ## - LOCAL FREE-TEXT CALL NUMBER (OCLC)
Classification number jESCALOF
-- SPANISH
100 1# - MAIN ENTRY--PERSONAL NAME
Personal name Stine, R. L.
Authority record control number http://id.loc.gov/authorities/names/n85268710.
240 10 - UNIFORM TITLE
Uniform title <a href="How I got my shrunken head.">How I got my shrunken head.</a>
Language of a work Spanish.
245 10 - TITLE STATEMENT
Title Escalofrios,
Name of part/section of a work Como consegui mi cabeza humana reducida /
Statement of responsibility, etc. R.L. Stine.
246 3# - VARYING FORM OF TITLE
Title proper/short title Como consegui mi cabeza humana reducida.
260 ## - PUBLICATION, DISTRIBUTION, ETC. (IMPRINT)
Place of publication, distribution, etc. Nueva York :
Name of publisher, distributor, etc. Scholastic,
Date of publication, distribution, etc. c2003
264 #1 - PRODUCTION, PUBLICATION, DISTRIBUTION, MANUFACTURE, AND COPYRIGHT NOTICE
Place of production, publication, distribution, manufacture Nueva York :
Name of producer, publisher, distributor, manufacturer Scholastic,
Date of production, publication, distribution, manufacture, or copyright notice [2003]
264 #4 - PRODUCTION, PUBLICATION, DISTRIBUTION, MANUFACTURE, AND COPYRIGHT NOTICE
Date of production, publication, distribution, manufacture, or copyright notice c2003.
300 ## - PHYSICAL DESCRIPTION
Extent 119 pages ;
Dimensions 20 cm.
336 ## - CONTENT TYPE
Content type term text
Content type code txt
Source rdacontent.
337 ## - MEDIA TYPE
Media type term unmediated
Media type code n
Source rdamedia.
338 ## - CARRIER TYPE
Carrier type term volume
Carrier type code nc
Source rdacarrier.
385 ## - AUDIENCE CHARACTERISTICS
Demographic group code age
Audience term Children
Source lcdgt.
490 1# - SERIES STATEMENT
Series statement Escalofrios.
500 ## - GENERAL NOTE
General note Translation of: How I got my shrunken head.
500 ## - GENERAL NOTE
General note "Scholastic en espanol"--Cover.
520 ## - SUMMARY, ETC.
Summary, etc. Mark's Aunt Benna presents him with a gift of a shrunken head from the jungle island of Baladora, and it is giving him a strange, dangerous power.
521 0# - TARGET AUDIENCE NOTE
Target audience note 4.0.
521 1# - TARGET AUDIENCE NOTE
Target audience note 008-012.
546 ## - LANGUAGE NOTE
Language note Text in Spanish.
650 #0 - SUBJECT ADDED ENTRY--TOPICAL TERM
Topical term or geographic name as entry element Shrunken heads
Authority record control number http://id.loc.gov/authorities/subjects/sh98004598
Form subdivision Juvenile fiction.
Authority record control number http://id.loc.gov/authorities/subjects/sh99001687.
650 #0 - SUBJECT ADDED ENTRY--TOPICAL TERM
Topical term or geographic name as entry element Head
Authority record control number http://id.loc.gov/authorities/subjects/sh85059468
Form subdivision Juvenile fiction.
Authority record control number http://id.loc.gov/authorities/subjects/sh99001687.
650 #0 - SUBJECT ADDED ENTRY--TOPICAL TERM
Topical term or geographic name as entry element Spanish language materials
Form subdivision Juvenile fiction.
655 #7 - INDEX TERM--GENRE/FORM
Genre/form data or focus term Horror fiction.
Source of term lcgft
Authority record control number http://id.loc.gov/authorities/genreForms/gf2014026373.
655 #7 - INDEX TERM--GENRE/FORM
Genre/form data or focus term Fiction.
Source of term lcgft
Authority record control number http://id.loc.gov/authorities/genreForms/gf2014026339.
800 1# - SERIES ADDED ENTRY--PERSONAL NAME
Personal name Stine, R. L.
Title of a work Goosebumps.
Language of a work Spanish ;
Authority record control number http://id.loc.gov/authorities/names/no2002066461
Volume/sequential designation #39.
942 ## - ADDED ENTRY ELEMENTS (KOHA)
Koha item type Libro/Book
Holdings
Withdrawn status Lost status Source of classification or shelving scheme Damaged status Not for loan Home library Current library Date acquired Total Checkouts Full call number Barcode Date last seen Price effective from Koha item type
    Dewey Decimal Classification     Las Brisas 1 -- Satellite Las Brisas 1 -- Satellite 14/05/2019   [Fic] 40001595 14/05/2019 14/05/2019 Libro/Book

Powered by Koha